00932cam a22002535a 450000500170000000800410001701000170005802000510007502000250012603500160015103700150016704000180018208200130020010000210021324500660023426000520030030001090035250000510046150000470051250000460055965000190060570000210062471000330064520081020032651.0081003s2008 ii ab b 001 0 eng  aENG-92610-11 a9788185867779 (v. 1)c200.00 (app) (v.1 & v.2) a9788185867786 (v. 2) aEN-76143-44 bDBAD / PUB adplbEnglish  a551.0954 aRamakrishnan, M. aGeology of India /cby M. Ramakrishnan [and] R. Vaidyanadhan. aBangalore :bGeological Society of India,c2008 a2 v (xxx, 556p.; xxix, 557-994p.)bill., maps (chiefly col.; one folded) ;c26 cm. +e1 col. folded map. aIncludes bibliographical references and index. aVol. 2 acompanied by one folded color map. aThe price of the books fixed 200.00 (app) aGeologyzIndia aVaidyanadhan, R. aGeological Society of India.